00609nam a2200205Ia 450000500170000000800410001704000190005804100120007708200160008910000190010524501180012426000390024230000100028144000330029150400180032465000110034265100150035370000250036885000100039320221019140947.0131103s9999 xx 000 0 und d aLoreto College aEnglish a154.63bFRE aFreud, Sigmund 4aThe Interpretation of dreamscSigmund Freud; translated and edited by James Strachey; revised by Angela Richards aHarmondsworthbPenguin Booksc1976 a871p  aThe Pelican Freud library; 4 aInclude index aDreams aPsychology aStrachey, James, ed. aLCLIB